Prístup ZSE ku kogenerácii

Bibliographic Details
Main Author: Sadlek, Ján (Author)
Format: Article
Language:Slovak
ISBN:8096747576

MARC

LEADER 00000naa a2200000uu 4500
001 vtls010934719
003 SK-MaSNL
005 20260302122801.0
008 210902|1998 xo |||||||||||||||||slo|
015 |a SNBRA 
035 |a (urnnbn)urn:nbn:sk:snk:ar-a0b6s0 
035 |a (uuid)c5dcccc9-f60a-45d8-8792-a9101bc8dec2 
035 |a urn:nbn:sk:snk-aatz5v 
040 |a SNKBUCL  |b slo  |c SNKBUCL  |e AACR2 
041 0 |a slo 
044 |a xo  |c SK 
100 1 |a Sadlek, Ján  |4 aut  |9 780257 
245 1 0 |a Prístup ZSE ku kogenerácii  |c Ján Sadlek 
773 0 |t Kombinovaná výroba tepla a elektrickej energie na báze plynu  |d Bratislava : Slovenský plynárenský a naftový zväz], 1998, 1998  |g S. 1-5  |z 8096747576 
958 |a OND 
958 |a article11 
958 |a chapter 
999 |c 1279721  |d 1281651